| 000 | 00526nam a2200217Ia 4500 | ||
|---|---|---|---|
| 008 | 220204s9999 xx 000 0 und d | ||
| 082 |
_a577.1 _bPAG |
||
| 100 | _aPAGE, David S | ||
| 245 | 0 | _aPrinciples of biological chemistry | |
| 260 |
_aBoston _bWillard Grant _c1976 |
||
| 650 | _aAmino acid | ||
| 650 | _aBiological chemistry | ||
| 650 | _aCarbohydrate | ||
| 650 | _aEnzyme | ||
| 650 | _aGlycolysis | ||
| 650 | _aLipid | ||
| 650 | _aMetabolism | ||
| 650 | _aPhotosynthesis | ||
| 650 | _aProtein | ||
| 942 | _cBK | ||
| 999 |
_c31966 _d31966 |
||